000 004310000a22001690004500
003 MACL
005 20151218173834.0
008 151218b xxu||||| |||| 00| 0 eng d
040 _aMACL
_cMACL
041 _aEnglish
082 _a741.642/BJO
100 _aBjoland, Esther M
_921202
245 _aStories of Childhood
_bVol 1
260 _bThe Childs World
_c1955
650 _aChildrens Book
_97875
942 _cBK
_k741.642/BJO
_2ddc
999 _c40511
_d40511